Làng ca Huế Quảng Xá, xã Tân Ninh, huyện Quảng Ninh – tỉnh Quảng Bình

Quảng Xá – vùng đất và con người. Truyền thống ca Huế ở làng Quảng Xá. Hướng bảo tồn và phát huy truyền thống ca Huế ở làng Quảng Xá

保存先:
書誌詳細
第一著者: Hoàng Thị Thu Dung
その他の著者: Hoàng Hoài Thương (Hướng dẫn)
フォーマット: 図書
言語:Vietnamese
出版事項: Đà Nẵng Đại học Sư phạm, Đại học Đà Nẵng 2013
主題:
タグ: タグ追加
タグなし, このレコードへの初めてのタグを付けませんか!
Thư viện lưu trữ: Mạng thư viện Đại học Đà Nẵng
LEADER 01697nam a2200385 4500
001 000018912
003 15347
005 20140311090311.0
008 140219s2013 viesd
041 |a vie 
072 |a VHH 
082 1 4 |a 782.42162  |b HO-D 
100 1 |a Hoàng Thị Thu Dung 
245 1 0 |a Làng ca Huế Quảng Xá, xã Tân Ninh, huyện Quảng Ninh – tỉnh Quảng Bình  |c Hoàng Thị Thu Dung ; Hoàng Hoài Thương hướng dẫn  |k Khóa luận tốt nghiệp 
260 |a Đà Nẵng  |b Đại học Sư phạm, Đại học Đà Nẵng  |c 2013 
300 |a 74 tr., phụ lục 7 tr.  |b Hình mh.  |c 29 cm. 
500 |a Khóa luận tốt nghiệp đại học. Chuyên ngành: Cử nhân Văn hóa học 
520 |a Quảng Xá – vùng đất và con người. Truyền thống ca Huế ở làng Quảng Xá. Hướng bảo tồn và phát huy truyền thống ca Huế ở làng Quảng Xá 
650 0 4 |a Ca Huế  |v Khóa luận tốt nghiệp  |x Nghiên cứu  |z Quảng Bình (Quảng Xá) 
653 |a Văn hóa dân gian 
653 |a Ca Huế 
653 |a Khoa Ngữ văn 
653 |a Dân ca 
653 |a Quảng Xá 
700 1 |a Hoàng Hoài Thương  |e Hướng dẫn 
OWN |a LSP 
AVA |a UDN50  |b LSP  |d 782.42162 HO-D  |e available  |t Error 5001 Not defined in file expand_doc_bib_avail.  |f 1  |g 0  |h N  |i 0  |k 1 
999 |a From the UDN01 
AVA |a UDN50  |b LSP  |d 782.42162 HO-D  |e available  |t Error 5001 Not defined in file expand_doc_bib_avail.  |f 1  |g 0  |h N  |i 0  |k 1 
TYP |a Monograph 
TYP |a Printed language 
980 |a Mạng thư viện Đại học Đà Nẵng